Welcome to CU Library Online Public Access Catalogue (OPAC)

Equity and Trust (Record no. 3388)

MARC details
000 -LEADER
fixed length control field 00534nam a2200181 4500
005 - DATE AND TIME OF LATEST TRANSACTION
control field 20250621183150.0
008 - FIXED-LENGTH DATA ELEMENTS--GENERAL INFORMATION
fixed length control field 250203b |||||||| |||| 00| 0 eng d
020 ## - INTERNATIONAL STANDARD BOOK NUMBER
International Standard Book Number 9780198759164
050 ## - LIBRARY OF CONGRESS CALL NUMBER
Classification number KD1480
Item number .M33 2014
100 ## - MAIN ENTRY--PERSONAL NAME
Personal name McDonald, Iain
245 ## - TITLE STATEMENT
Title Equity and Trust
Remainder of title Concentrate
Statement of responsibility, etc. By Iain McDonald & Anne Street
260 ## - PUBLICATION, DISTRIBUTION, ETC.
Place of publication, distribution, etc. Oxford
Name of publisher, distributor, etc. Oxford University Press
Date of publication, distribution, etc. c2014
300 ## - PHYSICAL DESCRIPTION
Extent xvi, 215 p.;
500 ## - GENERAL NOTE
General note Includes index, illustrations , col.
650 ## - SUBJECT ADDED ENTRY--TOPICAL TERM
Source of heading or term Equity and Trust
700 ## - ADDED ENTRY--PERSONAL NAME
Personal name Anne Street
942 ## - ADDED ENTRY ELEMENTS (KOHA)
Source of classification or shelving scheme Library of Congress Classification
Koha item type Books
Suppress in OPAC No
999 ## -
-- 3388
-- 3388
Holdings
Withdrawn status Lost status Source of classification or shelving scheme Damaged status Not for loan Collection Home library Current library Shelving location Date acquired Total checkouts Full call number Barcode Date last seen Price effective from Koha item type
    Library of Congress Classification     Non-fiction Law Library (Kumasi) Law Library (Kumasi) General stacks 02/03/2025   KD674 WIL llk00000038 02/03/2025 02/03/2025 Books
© 2023-2024 Copyright: Central University Libraries. All Rights Reserved | Created by: Mahone Tech Office